000 00933nam a2200277Ia 4500
003 OSt
005 20220930091409.0
006 a|||||r|||| 00| 0
007 ta
008 220926b |||||||| |||| 00| 0 eng d
024 _a5861
037 _cTheses
040 _aCRL
_cCRL
_beng
041 _2eng
_aeng
100 _aLodhi Sharad Au.
_9545543
110 _aUniversity of Delhi. Faculty of Medical Sciences. Department of General Medicine
_9544737
245 0 _aStudy of vitamin D status in type 2 diabetic patients with and without nephropathy
260 _c2012
300 _a97
_ap.
_ccm.
650 _aMEDICINE
700 _a Dr. Anju Jain Gu.
_9532951
700 _a Dr. L. H. Ghotekar Gu.
_9541377
700 _aUniversity of Delhi. Faculty of Medical Sciences. Department of General Medicine
_9544739
942 _cDIS
_2CC
999 _c882025
_d882025